| 000 | 03790njm a2200589Ia 4500 | ||
|---|---|---|---|
| 001 | 85658 | ||
| 003 | IT-RoPAU | ||
| 005 | 20220918181120.0 | ||
| 008 | 131025s9999 xx 000 0 und d | ||
| 040 | _aIT-RoPAU | ||
| 040 | _cIT-RoPAU | ||
| 041 | _aINGLESE | ||
| 999 |
_c99713 _d99713 |
||
| 999 | _bn.d. | ||
| 100 |
_aAA.VV. _9794 |
||
| 100 |
_eAutore musica _926587 |
||
| 100 |
_gCodice autore musica SPICS: 12000 _9796 |
||
| 245 | _aTie Up | ||
| 250 | _a1a ed. | ||
| 260 | _aTORINO | ||
| 260 |
_bFONIT CETRA _c1990 [1a Ed.:1990 - Ed. Lingua Orig.: 1990] |
||
| 300 | _aDISCO | ||
| 300 | _c58 minuti (Testo: 0 pag.) | ||
| 500 | _aMusica pop. Canzoni inglesi presentate al Festival di Sanremo 1990 | ||
| 505 | _aI Don't Wanna Lose You [(Turner Tina) (5:00)] - You Make Me Feel [(Mighty Real) (Somerville Jimmy) (4:00)] - Cruel, Crazy Beautiful World [(Clegg Johnny) (4:00)] - Respect [(Adeva) (5:00)] - Dangerous [(Roxette) (4:00)] - White Light [(Playhaus) (4:00)] - Hands On [(Aaron Lee) (5:00)] - Enjoy the Silence [(Depeche Mode) (5:00)] - Zobi la Mouche [(Les Negresses Vertes) (4:00)] - Love Don't Come Easy [(The Alarm) (4:00)] - Big Wedge [(Fish) (5:00)] - Butterfly On A Wheel [(The Mission) (6:00)] - Name and Number [(Curiosity) (5:00)] - Burn For You [(Curiosity) (4:00)] | ||
| 650 |
_aPOP [DISCHI] _eCodice MATERIA SPICS: 9950 _91001 |
||
| 700 |
_aHammond A. _dCodice autore musica SPICS: 14448 _eAutore musica _pI Don't Wanna Lose You _926588 |
||
| 700 |
_aLyle Graham _dCodice autore SPICS: 25638 _eAutore _pI Don't Wanna Lose You _926589 |
||
| 700 |
_aWirrick D. _dCodice autore musica SPICS: 30280 _eAutore musica _pYou Make Me Feel (Mighty Real) _926590 |
||
| 700 |
_aJames Stafford _dCodice autore SPICS: 16229 _eAutore _pYou Make Me Feel (Mighty Real) _926591 |
||
| 700 |
_aClegg Johnny _dCodice autore musica SPICS: 30282 _eAutore musica _pCruel, Crazy Beautiful World _926592 |
||
| 700 |
_aRedding O. _dCodice autore musica SPICS: 30283 _eAutore musica _pRespect _926593 |
||
| 700 |
_aGessle _dCodice autore musica SPICS: 30285 _eAutore musica _pDangerous _926594 |
||
| 700 |
_aKurten _dCodice autore musica SPICS: 30287 _eAutore musica _pWhite Light _926595 |
||
| 700 |
_aPetz _dCodice autore SPICS: 30288 _eAutore _pWhite Light _926596 |
||
| 700 |
_aAaron Lee _dCodice autore musica SPICS: 30290 _eAutore musica _pHands On _926597 |
||
| 700 |
_aAlbani J. _dCodice autore SPICS: 30291 _eAutore _pHands On _926598 |
||
| 700 |
_aSabu P. _dCodice autore testo/musica SPICS: 30292 _eAutore testo/musica _pHands On _926599 |
||
| 700 |
_aGore Martin L. _dCodice autore musica SPICS: 21807 _eAutore musica _pEnjoy the Silence _926600 |
||
| 700 |
_aNegresses Vertes (Les) _dCodice autore musica SPICS: 30293 _eAutore musica _pZobi la Mouche _926601 |
||
| 700 |
_aMacDonald _dCodice autore musica SPICS: 30294 _eAutore musica _pLove Don't Come Easy _926602 |
||
| 700 |
_aPeters _dCodice autore SPICS: 30295 _eAutore _pLove Don't Come Easy _926603 |
||
| 700 |
_aDick _dCodice autore musica SPICS: 30297 _eAutore musica _pBig Wedge _926604 |
||
| 700 |
_aSimmonds _dCodice autore SPICS: 30298 _eAutore _pBig Wedge _926605 |
||
| 700 |
_aAdams T. _dCodice autore musica SPICS: 10300 _eAutore musica _pButterfly On A Wheel _926606 |
||
| 700 |
_aBrown _dCodice autore SPICS: 20445 _eAutore _pButterfly On A Wheel _926607 |
||
| 700 |
_aHussey _dCodice autore testo/musica SPICS: 30300 _eAutore testo/musica _pButterfly On A Wheel _926608 |
||
| 700 |
_aCuriosity _dCodice autore musica SPICS: 30302 _eAutore musica _pName and Number _926609 |
||
| 700 |
_aSkinner B.F. _dCodice autore SPICS: 1195 _eAutore _pName and Number _926610 |
||
| 700 |
_aBarradale _dCodice autore musica SPICS: 30303 _eAutore musica _pBurn For You _926611 |
||
| 700 |
_aLockwood David _dCodice autore SPICS: 4563 _eAutore musica _pBurn For You _926612 |
||
| 942 |
_cMD _2ddc |
||